Normal view
MARC view
- ENGINEERING DESIGN-A SYSTEMATIC APPROACH
Entry Topical Term
001 - CONTROL NUMBER
- control field: 69099
003 - CONTROL NUMBER IDENTIFIER
- control field: NUST
005 - DATE AND TIME OF LATEST TRANSACTION
- control field: 20210628204154.0
008 - FIXED-LENGTH DATA ELEMENTS
- fixed length control field: 210628|| aca||aabn | a|a d
040 ## - CATALOGING SOURCE
- Original cataloging agency: NUST
- Transcribing agency: NUST
150 ## - HEADING--TOPICAL TERM
- Topical term or geographic name entry element: ENGINEERING DESIGN-A SYSTEMATIC APPROACH
670 ## - SOURCE DATA FOUND
- Source citation: Work cat.: (NUST): Pahl, G, Beitz, W, Feldhusen, J 69098, Engineering design, a systematic approach, 2007
